| 000 -LEADER |
| fixed length control field |
01168nam a22002177a 4500 |
| 005 - DATE AND TIME OF LATEST TRANSACTION |
| control field |
20240124173628.0 |
| 008 - FIXED-LENGTH DATA ELEMENTS--GENERAL INFORMATION |
| fixed length control field |
211228s2021 ge ||||| |||| 00| 0 eng d |
| 041 ## - LANGUAGE CODE |
| Language code of text/sound track or separate title |
eng |
| 080 ## - UNIVERSAL DECIMAL CLASSIFICATION NUMBER |
| Universal Decimal Classification number |
82 U-91 |
| 100 ## - MAIN ENTRY--PERSONAL NAME |
| Personal name |
Usta, Oznur Tuzcu |
| 9 (RLIN) |
13361 |
| 245 ## - TITLE STATEMENT |
| Title |
Modern tendencies in the development of Proverbs - Intertextual Jokes : |
| Remainder of title |
(based on Comparative Analysis of Anglo - American and Turkish Anti - Proverbs). დისერტაცია / |
| Statement of responsibility, etc. |
Usta Tuzcu Oznur ; Supervizor Tea Shavladze. |
| 264 ## - PRODUCTION, PUBLICATION, DISTRIBUTION, MANUFACTURE, AND COPYRIGHT NOTICE |
| Place of production, publication, distribution, manufacture |
Batumi, |
| Date of production, publication, distribution, manufacture, or copyright notice |
2021. |
| 300 ## - PHYSICAL DESCRIPTION |
| Extent |
215 p. |
| Other physical details |
30 cm. |
| 522 ## - GEOGRAPHIC COVERAGE NOTE |
| Geographic coverage note |
bibliogr. p. 158-175 |
| 653 ## - INDEX TERM--UNCONTROLLED |
| keyword |
ანდაზების განვითარების თანამედროვე ტენდენციები - ინტერტექსტუალური ხუმრობები |
| 653 ## - INDEX TERM--UNCONTROLLED |
| keyword |
Современные тенденции в развитии пословиц - Интертекстуальных анекдотов |
| 653 ## - INDEX TERM--UNCONTROLLED |
| keyword |
დისერტაცია |
| 653 ## - INDEX TERM--UNCONTROLLED |
| keyword |
Диссертация |
| 700 ## - ADDED ENTRY--PERSONAL NAME |
| Personal name |
Shavladze, Tea |
| Relator term |
სამეცნიერო ხელმძღვანელი |
| 9 (RLIN) |
13362 |
| 942 ## - ADDED ENTRY ELEMENTS (KOHA) |
| Source of classification or shelving scheme |
|
| Koha item type |
დისერტაცია |